000 00929nam0a2200301 4500
001 RU\NLR\bibl\998866
005 20260409073324.0
010 _a5-9684-0418-3
_95000
021 _aRU
_b2006-54708
_92706
035 _a(NLR Aleph) 000986606
090 _a492586
_c492586
100 _a20061018d2006 |||y0rusy50 ca
101 0 _arus
102 _aRU
105 _aa |||||||||
200 1 _aФэн-Шуй. Начинаем с нуля
_fИ-Шен
210 _aСанкт-Петербург
_cВектор
_d2006
215 _a90,[2] с.
_cил.
_d20
225 1 _aЦелительные практики Востока
606 _8rus
_aФэн-шуй
_7ca
_3RU\NLR\auth\661259693
_92083627
686 _aЮ969
686 _aЮ3(5Кит)3
700 0 _4070
_8rus
_7ca
_aИ-Шен
_3RU\NLR\AUTH\7740477
_923429
801 0 _aRU
_bNLR
_c20061018
_grcr
801 1 _aRU
_bNLR
_c20061018
942 _cBOOK
980 _aNB